Quizzes
Events
Quiz Creation
Community
Videos
Private Events
Remove Ads
Sign In
Join for FREE
Feedback
Dark Mode
Quiz Categories
Sports
Geography
Music
Movies
Television
Just For Fun
Miscellaneous
History
Literature
Language
Science
Gaming
Entertainment
Religion
Holiday
For Kids
Quiz Lab
Recent
Popular Today
Quiz Kudos Today
Editor Picks
Curator Picks
Quizzes by...
Day
Popularity
Type
Ratings
Length
Year
Community
Subscriptions
Recent Discussions
Orange Saloon
Badges
Playlists
Quests
Create
Leaderboards
Showdown
Live 5
Trivia Bingo
Activity
Puzzle Library
Sporcle Events
Private Events
Virtual Trivia
Globe League
Become a Host
Pub Owners
SporcleCon
Opinionation
Our Games
Videos
Blog
Mobile Apps
Partnerships
Remove Ads and Go Orange
Feedback
Sports
Athletes
MLB
NBA
NHL
NFL
Soccer
Sports Teams
WWE
NCAA
Football
Premier League
Basketball
Baseball
Hockey
Golf
Tennis
Cricket
Rugby
Auto Racing
Olympics
World Cup
Sports
Athletes
MLB
NBA
NHL
NFL
Soccer
Sports Teams
WWE
NCAA
Football
Premier League
Basketball
Baseball
Hockey
Golf
Tennis
Cricket
Rugby
Auto Racing
Olympics
World Cup
Random Quiz
Search Sporcle
×
Quiz Lab
Quiz Lab
Sports
Decade
Type in answers that appear in a list
Type in answers that appear in a list
Classic
Best Score? Go Orange.
MLB 1,500 Hits, 300 HR in a Decade Stats
Can you name the MLB players who recorded 1,500 hits and 300 home runs in a decade?
By
jmnyyankees10
2m
19 Questions
2,022 Plays
2,022 Plays
2,022 Plays
Comments
Comments
Give Quiz Kudos
Give Quiz Kudos
-
- Ratings
hide this ad
Replay
Link that replays current quiz
Next Quiz
Link to next quiz in quiz playlist
You Got
0%
They Got
Avg Score
84%
Avg Friend Score
Upgrade to see
Score Distribution
Jump to the score distribution portion of the page
Score
0/19
Timer
02:00
0
Plays Today
Decade (Team)
Player
% Correct
1920s (NYY)
Babe Ruth
98.7%
1990s (SEA)
Ken Griffey, Jr.
95.6%
1930s (NYY)
Lou Gehrig
94.2%
1960s (SFG)
Willie Mays
94.2%
2000s (STL)
Albert Pujols
93.1%
2000s (NYY)
Alex Rodriguez
93.1%
1990s (CHW)
Frank Thomas
90.8%
2000s (BOS)
Manny Ramirez
88.6%
1960s (MLN)
Hank Aaron
88.3%
1930s (PHA)
Jimmie Foxx
88%
Decade (Team)
Player
% Correct
1990s (CLE)
Albert Belle
82.8%
2000s (HOU)
Lance Berkman
82.7%
1980s (ATL)
Dale Murphy
80%
1960s (CIN)
Frank Robinson
79.3%
1930s (NYG)
Mel Ott
78.9%
1950s (BRO)
Duke Snider
75.6%
1990s (TEX)
Rafael Palmeiro
74.5%
2000s (LAA)
Vladimir Guerrero
71.5%
1990s (ATL)
Fred McGriff
59.7%
Quiz Playlist
Details
Report
Send in Message
Add To Playlist
Classic:
Type in answers that appear in a list
Last Updated: Feb 16, 2017
Quiz Scoreboard
CHALLENGE
Sign Up to Join the Scoreboard
Show All
Scores
Hide
Comments
May contain spoilers
Recently Published
1-10 Letter E Words III
by El_Dandy
Language
2m
One Thing in Common: World Cities II
by knightlancer
Geography
7m
Popular People in 1961
by mucciniale
History
6m
More to Explore
Quiz From the Vault
Featured Blog Post
Where Did the Easter Bunny Come From?
hide this ad
You Might Also Like...
Tags
Decade Quiz
MLB Quiz
1500
300
500
hit
home
Player
Recorded
run
team
Today's Top Quizzes in Sports
Browse Sports
hide this ad
Today's Top Quizzes in Decade
Browse Decade
Top Contributed Quizzes in Sports
1
Les meilleurs buteurs des matchs entre le PSG et l’OM
2
Les entraîneurs de l'OM et du PSG au 21e siècle
3
FIFA Club World Cup Champions
4
2022 World Cup Stars
5
Name the Premier League winners with different clubs
6
La finale Lions - Afrique du Sud 2021
7
Criteria MLB: Left Handed Sluggers
8
Players with Multiple 50 Home Run Seasons
9
MLB Players with Two .350 Batting Average Seasons
10
MLB Hall of Famer by Rings
Explore More
Trending Topics
Crossword
Marvel
Anime
NBA
Harry Potter
Disney
Kpop
Pokémon
The Office
NFL
Song
WWE
Country
Puzzle
Soccer
hide this ad
More By:
jmnyyankees10
Quiz
Plays
Rating
Category
Featured
Created
MLB Highest Paid Player by Year
78,430
4.71
Sports
Apr 18, 2014
MLB HoF Highest Voting Percentage by Position
57,854
4.57
Sports
May 21, 2015
MLB Home Run Leaders by Two-Decade Span
42,410
4.71
Sports
Jul 19, 2015
MLB: Hall of Famers Active in 1990
34,789
4.82
Sports
Jan 1, 2016
MLB Hitting Leaders by Batting Hand (Career)
31,410
4.66
Sports
Mar 24, 2015
Go to Creator's Profile
Score Distribution
Quiz Creator Spotlight
jmnyyankees10
Follow
Send a Message
Quizzes Created
-
Created Quiz Play Count
-
More By This Creator
Popular Quizzes Today
1
Find the US States - No Outlines Minefield
2
Find the Countries of Europe - No Outlines Minefield
3
The Countries of the World
4
Popular People in 1961
5
1-10 Letter E Words III
6
Find the US States
7
One Thing in Common: World Cities II
8
US States
More Sports Quizzes
20/21 WhoScored Serie A Best XI
Quiz Lab
Trending Quizzes
Risky Map Clicking: Least Populous States A-Z
1-10 Letter F Words
1-10 Letter G Words
One Thing in Common: United Kingdom
Risky Map Clicking: Biggest States A-Z
Recently Updated
Leaping Animals
pecheneg
Reality TV Shows (A-Z)
bhenderson79
Rickey Henderson's Hall of Fame Teammates
pecheneg
Champions League XIs: Arsenal
pecheneg
Quick Pick: Celebrities in WWE's Hall of Fame
aduchscher
A-Z Keypad Blitz II
pecheneg
Multiple Oscar Actors
pecheneg
Mystery Phrase Blitz: Oscar 'Best Actors'
pecheneg
F. Scott Fitzgerald Novels
LTH
Pick 3 Villains
ddd62291
Trending Topics
Crossword
Anime
NBA
Kpop
Disney
Marvel
Harry Potter
WWE
Country
The Office
Puzzle
Song
NFL
Soccer
Pokémon
Your Account Isn't Verified!
In order to create a playlist on Sporcle, you need to verify the email address you used during registration. Go to your
Sporcle Settings
to finish the process.
Report this User
Report this user for behavior that violates our
Community Guidelines
.
Details:
Send Report
Go to the Sporcle.com Mobile Site →
Comments